[Event "Erfurt op-A 29th"]
[Site "Erfurt"]
[Date "2019.12.28"]
[Round "5"]
[White "Niedzielski, Lars"]
[Black "Hundack, Rolf"]
[Result "1-0"]
[WhiteElo "1939"]
[BlackElo "2163"]
[PlyCount "93"]
[EventDate "2019.12.26"]
[EventType "swiss"]
[EventRounds "8"]
[EventCountry "GER"]
[SourceTitle "CBM 194 Extra"]
[Source "ChessBase"]
[SourceDate "2020.03.31"]
[SourceVersion "1"]
[SourceVersionDate "2020.03.31"]
[SourceQuality "1"]

1. d4 Nf6 2. Nf3 e6 3. e3 b6 4. Bd3 Bb7 5. 0-0 Be7 6. c4 0-0 7. Nc3 d6 8. e4 Nbd7 9. Re1 e5 10. d5 Re8 11. Be3 Nf8 12. Bf1 Ng6 13. b4 Bc8 14. h3 h6 15. Nd2 Nh7 16. c5 f5 17. cxd6 cxd6 18. exf5 Bxf5 19. Nde4 Rf8 20. Rc1 Nf4 21. Bxf4 exf4 22. Nb5 f3 23. Qxf3 Ng5 24. Nxg5 Bxg5 25. Rc6 Bd7 26. Qb3 Bxc6 27. dxc6+ Kh8 28. Nd4 Qf6 29. Nf3 Bf4 30. Bd3 Rfe8 31. Rd1 Re7 32. Bc2 Rae8 33. g3 Bxg3 34. Qd3 g6 35. fxg3 Re3 36. Qxg6 Qxg6 37. Bxg6 Rg8 38. Kf2 Rc3 39. Be4 Re8 40. Rd4 Re6 41. b5 Rf6 42. Bd3 Ra3 43. c7 Rxa2+ 44. Ke3 Rf8 45. Rxd6 Re8+ 46. Kd4 Ra4+ 47. Kc3 1-0

[Event "Erfurt op-A 29th"]
[Site "Erfurt"]
[Date "2019.12.26"]
[Round "1"]
[White "Niedzielski, Lars"]
[Black "Cordes, Klaus"]
[Result "1/2-1/2"]
[WhiteElo "1939"]
[BlackElo "2118"]
[PlyCount "55"]
[EventDate "2019.12.26"]
[EventType "swiss"]
[EventRounds "8"]
[EventCountry "GER"]
[SourceTitle "CBM 194 Extra"]
[Source "ChessBase"]
[SourceDate "2020.03.31"]
[SourceVersion "1"]
[SourceVersionDate "2020.03.31"]
[SourceQuality "1"]

1. d4 Nf6 2. Nf3 g6 3. c4 Bg7 4. e3 0-0 5. Be2 c5 6. d5 d6 7. 0-0 e5 8. Nc3 Ne8 9. e4 h6 10. h4 Bg4 11. g3 f5 12. h5 Bxh5 13. Nh4 Bxe2 14. Qxe2 Rf6 15. exf5 gxf5 16. Qh5 Qd7 17. g4 f4 18. Nf5 Kh7 19. Ne4 Rg6 20. f3 Nf6 21. Nxf6+ Bxf6 22. Kf2 Bg5 23. b3 Na6 24. Bd2 Rf8 25. Rh1 Rff6 26. Qh3 b6 27. Qf1 Nc7 28. Qd3 1/2-1/2